000 00218nam a22000857a 4500
001 1235307
005 20250930122950.0
245 _aUZAYDA BİR YATILI OKUL
_cSUZAN GERİDÖNMEZ
260 _bGÜNIŞIĞI KİTAPLIĞI YAYINLARI
999 _c1235307
_d1235307